[Event "15ème Open des Vins du Médoc"]
[Site "Naujac sur Mer ; France"]
[Date "2012.??.??"]
[Round "7.1"]
[White "Favarel, Antoine"]
[Black "Fantinel, Thibault"]
[Result "1/2-1/2"]
[WhiteElo "2254"]
[BlackElo "2279"]
[Annotator ",Jean-Luc"]
[PlyCount "42"]
[EventDate "2012.??.??"]

1. e4 e6 2. d4 d5 3. Nd2 c5 4. exd5 exd5 5. Ngf3 Nc6 6. Bb5 Bd6 7. dxc5 Bxc5 8.
O-O Nge7 9. Nb3 Bd6 10. Re1 O-O 11. Bg5 Bg4 12. Bh4 Re8 13. Bg3 Bxg3 14. hxg3
Qb6 15. a4 a6 16. Bxc6 Qxc6 17. Ne5 Bxd1 18. Nxc6 Nxc6 19. Raxd1 Rxe1+ 20. Rxe1
d4 21. Rd1 Rd8 {(=)} 1/2-1/2

[Event "15ème Open des Vins du Médoc"]
[Site "Naujac sur Mer ; France"]
[Date "2012.??.??"]
[Round "7.3"]
[White "Marholev, Dimitar"]
[Black "Kramer, Julian"]
[Result "1-0"]
[WhiteElo "2370"]
[BlackElo "2052"]
[PlyCount "73"]
[EventDate "2012.??.??"]

1. e4 c5 2. Nf3 d6 3. d4 cxd4 4. Nxd4 Nf6 5. Nc3 a6 6. Bg5 e6 7. Qe2 Be7 8. f4
Nbd7 9. O-O-O Qc7 10. g4 h6 11. Bxf6 Nxf6 12. Bg2 g5 13. e5 dxe5 14. fxe5 Nd7
15. Rhe1 Nc5 16. Kb1 Bd7 17. Nf5 exf5 18. Nd5 Qa5 19. b4 Qa3 20. bxc5 Qxc5 21.
Qd3 O-O-O 22. gxf5 Bb5 23. c4 Ba4 24. Rd2 Rhe8 25. Rb2 Bc6 26. Qg3 f6 27. Nb6+
Kc7 28. Bxc6 Qxc6 29. Nd5+ Kc8 30. Rb6 Qc5 31. Re6 Rxd5 32. cxd5 Qb4+ 33. Kc2
Kb8 34. exf6+ Ka8 35. Qc3 Qa4+ 36. Kb1 Qb5+ 37. Qb3 1-0

[Event "15ème Open des Vins du Médoc"]
[Site "Naujac sur Mer ; France"]
[Date "2012.??.??"]
[Round "7.4"]
[White "Bouvet, Laurent"]
[Black "Van Delft, Merijn"]
[Result "0-1"]
[WhiteElo "2155"]
[BlackElo "2408"]
[PlyCount "50"]
[EventDate "2012.??.??"]

1. e4 c5 2. Nf3 d6 3. d4 cxd4 4. Nxd4 Nf6 5. Nc3 a6 6. Bg5 e6 7. f4 h6 8. Bh4
Qb6 9. Qd2 Qxb2 10. Nb3 Be7 11. e5 dxe5 12. Rb1 Ne4 13. Nxe4 Qxb1+ 14. Kf2
Bxh4+ 15. g3 Nc6 16. Qc3 Qd1 17. Nbd2 Be7 18. Bg2 Qh5 19. Bf3 Qg6 20. fxe5 O-O
21. g4 Bb4 22. Qe3 Nxe5 23. c3 Be7 24. h4 f5 25. h5 fxe4 0-1

[Event "15ème Open des Vins du Médoc"]
[Site "Naujac sur Mer ; France"]
[Date "2012.??.??"]
[Round "7.5"]
[White "Resnjanskij, Denis"]
[Black "Colin, Vincent"]
[Result "0-1"]
[WhiteElo "2134"]
[BlackElo "2393"]
[PlyCount "82"]
[EventDate "2012.??.??"]

1. d4 g6 2. c4 Bg7 3. Nc3 c5 4. d5 Bxc3+ 5. bxc3 f5 6. Nf3 Qa5 7. Qc2 Nf6 8.
Bh6 Ne4 9. Rc1 d6 10. Nd2 Nxd2 11. Qxd2 Nd7 12. f3 Qd8 13. Bf4 Nf6 14. Bg5 Rf8
15. e3 Qc7 16. Bd3 e5 17. Bxf6 Rxf6 18. e4 f4 19. Rb1 Bd7 20. Qb2 O-O-O 21. Qa3
Kb8 22. Kd2 g5 23. h3 Rg6 24. Kc2 h5 25. Kb2 Bc8 26. Ka1 g4 27. hxg4 hxg4 28.
Be2 gxf3 29. Bxf3 Qg7 30. Qb2 Bg4 31. Rh2 Bxf3 32. gxf3 Rg1 33. a3 Rg8 34. Qf2
Rxb1+ 35. Kxb1 a6 36. Kb2 Ka7 37. Kb3 b5 38. Qh4 bxc4+ 39. Kxc4 Qd7 40. Kd3
Qb5+ 41. Kc2 Rb8 0-1

[Event "15ème Open des Vins du Médoc"]
[Site "Naujac sur Mer ; France"]
[Date "2012.??.??"]
[Round "7.7"]
[White "Louis, Thibault"]
[Black "Kirk, Ezra"]
[Result "0-1"]
[WhiteElo "2113"]
[BlackElo "2225"]
[PlyCount "92"]
[EventDate "2012.??.??"]

1. e4 c5 2. Nf3 Nc6 3. d4 cxd4 4. Nxd4 g6 5. c4 Bg7 6. Be3 Nf6 7. Nc3 d6 8. Be2
O-O 9. O-O Bd7 10. Nc2 Rc8 11. f3 a6 12. Qd2 Na5 13. Na3 Be6 14. Nd5 Nd7 15.
Rac1 f5 16. Nf4 Bf7 17. exf5 gxf5 18. Rfd1 Nc6 19. b4 a5 20. bxa5 Ra8 21. Nb5
Rxa5 22. Nd5 Nc5 23. Qc2 Kh8 24. Bd2 Rxb5 25. cxb5 Nd4 26. Qc4 Bxd5 27. Qxd5
Nxe2+ 28. Kf1 Nxc1 29. Bxc1 Qa5 30. Bg5 Qxb5+ 31. Kg1 Qb6 32. Kh1 e6 33. Qxd6
Qxd6 34. Rxd6 Be5 35. Rd2 Rc8 36. g3 Kg7 37. Be7 b6 38. Bd8 Bc7 39. Be7 Kf7 40.
Bg5 Be5 41. Bd8 Na4 42. Bg5 Rc7 43. Kg2 Nc3 44. h4 Nd5 45. f4 Bc3 46. Rc2 Ne3+
0-1

[Event "15ème Open des Vins du Médoc"]
[Site "Naujac sur Mer ; France"]
[Date "2012.??.??"]
[Round "7.8"]
[White "Kaimer, Thomas"]
[Black "Capitaine, Adrien"]
[Result "1-0"]
[WhiteElo "2202"]
[BlackElo "2106"]
[PlyCount "35"]
[EventDate "2012.??.??"]

1. e4 e5 2. Nf3 f5 3. d4 fxe4 4. Nxe5 Nf6 5. Nc3 d6 6. Nc4 Be7 7. Be2 Bf5 8.
O-O O-O 9. f3 d5 10. Ne5 c6 11. fxe4 Nxe4 12. Nxe4 Bxe4 13. Bg4 Qd6 14. Rxf8+
Bxf8 15. Bc8 Qe7 16. Qg4 Na6 17. Bg5 Qe8 18. Be6+ 1-0

[Event "15ème Open des Vins du Médoc"]
[Site "Naujac sur Mer ; France"]
[Date "2012.??.??"]
[Round "7.9"]
[White "Sanchez, Nicolas"]
[Black "Velten, Paul"]
[Result "1/2-1/2"]
[WhiteElo "2169"]
[BlackElo "2379"]
[Annotator ",Jean-Luc"]
[PlyCount "144"]
[EventDate "2012.??.??"]

1. d4 Nf6 2. Nf3 e6 3. e3 b6 4. Bd3 Bb7 5. O-O c5 6. c4 Bxf3 7. Qxf3 Nc6 8.
dxc5 Bxc5 9. Nc3 Rc8 10. Rd1 Qc7 11. b3 Ne5 12. Qg3 O-O 13. Bb2 Nxd3 14. Qxc7
Rxc7 15. Rxd3 Rfc8 16. Nb5 Rb7 17. Rad1 Rd8 18. Nd6 Bxd6 19. Rxd6 Ne8 20. R6d2
f6 21. Ba3 Kf7 22. e4 g5 23. f3 Ng7 24. c5 bxc5 25. Bxc5 Ne8 26. Kf2 e5 27. h4
gxh4 28. Rh1 Rc7 29. Bb4 Rdc8 30. Rxh4 Kg8 31. Ke3 Rb7 32. Ba3 Rc6 33. Bb2 {(=)
} d6 34. Rh1 Rbc7 35. Rhd1 Kf7 36. g3 Ra6 37. Ba1 Kg6 38. f4 Rac6 39. Bb2 Ra6
40. Ba1 Kf7 41. Rh1 Kg8 42. g4 Rg7 43. Kf3 exf4 44. Kxf4 Rc6 45. Rhd1 Kf7 46.
Bb2 Ke6 47. Rh1 Rc5 48. Rh4 Rcg5 49. Rc2 Nc7 50. Bd4 Nb5 51. Be3 a6 52. a4 Nc7
53. Kf3 R5g6 54. Bb6 Ne8 55. b4 Kd7 56. b5 axb5 57. a5 h5 58. a6 hxg4+ 59. Kg3
Rg8 60. Rh7+ R6g7 61. Rxg7+ Nxg7 62. Rc7+ Ke6 63. a7 Nh5+ 64. Kh4 Nf4 65. Rb7
g3 66. Rb8 Rg5 67. a8=Q (67. Be3 $142) 67... Ng6+ 68. Kh3 Nf4+ 69. Kh4 Ng2+ 70.
Kh3 Nf4+ 71. Kh4 Ng6+ 72. Kh3 Nf4+ 1/2-1/2

[Event "15ème Open des Vins du Médoc"]
[Site "Naujac sur Mer ; France"]
[Date "2012.??.??"]
[Round "7.10"]
[White "Collas, Silvia"]
[Black "Pokee, Anne"]
[Result "1-0"]
[WhiteElo "2284"]
[BlackElo "1933"]
[PlyCount "53"]
[EventDate "2012.??.??"]

1. c4 e5 2. Nc3 Nf6 3. g3 c6 4. d4 exd4 5. Qxd4 Na6 6. Nf3 Bc5 7. Qe5+ Be7 8.
Bg2 O-O 9. O-O Re8 10. Qf4 Nc7 11. e4 Ne6 12. Qd2 Bb4 13. Qc2 Bxc3 14. bxc3 d6
15. Ba3 Nf8 16. Nd4 d5 17. exd5 cxd5 18. cxd5 Nxd5 19. Nb5 Qa5 20. c4 Ne7 21.
Rfe1 Bf5 22. Qe2 Neg6 23. Qxe8 Rxe8 24. Rxe8 Bd7 25. Rb8 Bxb5 26. Bxf8 Nxf8 27.
cxb5 1-0

[Event "15ème Open des Vins du Médoc"]
[Site "Naujac sur Mer ; France"]
[Date "2012.??.??"]
[Round "8.1"]
[White "Demuth, Adrien"]
[Black "Favarel, Antoine"]
[Result "1-0"]
[WhiteElo "2423"]
[BlackElo "2254"]
[PlyCount "129"]
[EventDate "2012.??.??"]

1. b3 e5 2. Bb2 Nc6 3. c4 Nf6 4. e3 Be7 5. Nc3 O-O 6. Nf3 Re8 7. d4 exd4 8.
Nxd4 Bb4 9. Nc2 Bxc3+ 10. Bxc3 Ne4 11. Bb2 Qg5 12. Qd5 d6 13. Qxg5 Nxg5 14. f3
a5 15. Kf2 Ne6 16. Be2 Nc5 17. Nd4 Nb4 18. Rhd1 Bd7 19. Bc3 Re7 20. a3 Nc6 21.
Nxc6 bxc6 22. b4 Na4 23. Bd2 axb4 24. axb4 Ree8 25. Ra3 c5 26. Rda1 cxb4 27.
Bxb4 Reb8 28. Be1 Kf8 29. e4 c5 30. Bd2 Ke7 31. Bf4 Nb6 32. Rd1 Nc8 33. Rad3
Ra2 34. Bxd6+ Nxd6 35. Rxd6 Be6 36. R6d2 Rab2 37. Rxb2 Rxb2 38. Rc1 g5 39. Rc3
h5 40. Ke3 h4 41. g3 hxg3 42. hxg3 f6 43. f4 gxf4+ 44. gxf4 Rb4 45. Kd3 Rb8 46.
Ra3 Rd8+ 47. Kc3 Bd7 48. Ra5 Kd6 49. Ra6+ Ke7 50. Ra5 Kd6 51. Ra6+ Ke7 52. e5
fxe5 53. fxe5 Rg8 54. Ra5 Rg3+ 55. Kd2 Rg5 56. Rxc5 Ke6 57. Kd3 Be8 58. Kd4 Rg2
59. Bf3 Rd2+ 60. Ke3 Rd8 61. Bg4+ Ke7 62. Rc7+ Kf8 63. Rc8 Rxc8 64. Bxc8 Bc6
65. Kd4 1-0

[Event "15ème Open des Vins du Médoc"]
[Site "Naujac sur Mer ; France"]
[Date "2012.??.??"]
[Round "8.2"]
[White "Fantinel, Thibault"]
[Black "Marholev, Dimitar"]
[Result "1/2-1/2"]
[WhiteElo "2279"]
[BlackElo "2370"]
[Annotator ",Jean-Luc"]
[PlyCount "62"]
[EventDate "2012.??.??"]

1. e4 e5 2. Nf3 Nc6 3. Bc4 Nf6 4. d3 h6 5. O-O d6 6. Re1 Be7 7. h3 O-O 8. d4
exd4 9. Nxd4 Bd7 10. Nb3 Be6 11. Bxe6 fxe6 12. Nc3 e5 13. Nd5 Nxd5 14. exd5 Nb8
15. Qg4 Qc8 16. Qxc8 Rxc8 17. Be3 Nd7 {(=)} 18. c4 a5 19. a4 Kf7 20. Rac1 b6
21. Nd2 Bg5 22. Bxg5 hxg5 23. Ne4 Kg6 24. Rc3 Rh8 25. Rg3 Rh5 26. b3 Nc5 27.
Nxc5 bxc5 28. Re4 Rf8 29. Reg4 Rf4 30. Kf1 Kf6 31. Ke2 Rxg4 1/2-1/2

[Event "15ème Open des Vins du Médoc"]
[Site "Naujac sur Mer ; France"]
[Date "2012.??.??"]
[Round "8.3"]
[White "Kirk, Ezra"]
[Black "Collas, Didier"]
[Result "1/2-1/2"]
[WhiteElo "2225"]
[BlackElo "2418"]
[Annotator ",Jean-Luc"]
[PlyCount "118"]
[EventDate "2012.??.??"]

1. d4 Nf6 2. c4 e6 3. Nc3 Bb4 4. e3 c5 5. Bd3 Nc6 6. Nf3 Bxc3+ 7. bxc3 b6 8.
O-O d6 9. e4 e5 10. d5 Ne7 11. Ne1 h5 12. Bg5 Nfg8 13. Bc2 f6 14. Ba4+ Bd7 15.
Bxd7+ Qxd7 16. Bd2 h4 17. a4 a5 18. Rb1 Nc8 19. f4 exf4 20. Bxf4 Nge7 21. Nd3
Ng6 22. Qc2 Ne5 23. Bxe5 dxe5 24. Rf5 Qc7 25. Qe2 Nd6 26. Qg4 Nxc4 27. Rh5 Rxh5
28. Qxh5+ Ke7 29. Qg4 Kf8 30. Qxh4 Kg8 31. Qg4 Re8 32. Nc1 Nd6 33. Ne2 Rd8 34.
Ng3 Qc8 35. Qg6 Qc7 36. Nf5 Nxf5 37. Qxf5 Rd6 38. c4 Qd8 39. Rb3 Qe8 40. Ra3
Qd7 41. Qxd7 Rxd7 {(=)} 42. Rb3 Rb7 43. Kf2 g6 44. g4 g5 45. Kg3 Kg7 46. h4
gxh4+ 47. Kxh4 Kg6 48. Rb1 Rb8 49. Kg3 Rb7 50. Rh1 Rb8 51. Rh5 Rf8 52. Kh4 Kg7
53. Kg3 Rg8 54. Kh3 Kf7 55. Kh4 Rg7 56. Rh8 Rg8 57. Rh5 Rg7 58. Rh8 Rg8 59. Rh5
Rg7 1/2-1/2

[Event "15ème Open des Vins du Médoc"]
[Site "Naujac sur Mer ; France"]
[Date "2012.??.??"]
[Round "8.4"]
[White "Van Delft, Merijn"]
[Black "Kaimer, Thomas"]
[Result "1/2-1/2"]
[WhiteElo "2408"]
[BlackElo "2202"]
[PlyCount "81"]
[EventDate "2012.??.??"]

1. e4 c5 2. Nf3 e6 3. d4 cxd4 4. Nxd4 Nf6 5. Nc3 Nc6 6. Ndb5 d6 7. Bf4 e5 8.
Bg5 a6 9. Na3 b5 10. Nd5 Be7 11. Bxf6 Bxf6 12. c4 b4 13. Nc2 Rb8 14. b3 O-O 15.
h4 g6 16. g3 Bg7 17. Qd2 a5 18. h5 Be6 19. hxg6 fxg6 20. Bh3 Bxh3 21. Rxh3 Qd7
22. Rh2 Rbe8 23. Kf1 Nd4 24. Nxd4 exd4 25. Qd3 Qg4 26. Rh4 Qf3 27. Qxf3 Rxf3
28. Rd1 g5 29. Rh5 h6 30. Kg2 Rc3 31. Rd2 Rxe4 32. Rh1 Kh7 33. Rhd1 Kg6 34. Nc7
Kf5 35. Nb5 Ke6 36. f3 Ree3 37. Nxd4+ Bxd4 38. Rxd4 Rxf3 39. Rxd6+ Ke7 40. Rxh6
Rxg3+ 41. Kh2 1/2-1/2

[Event "15ème Open des Vins du Médoc"]
[Site "Naujac sur Mer ; France"]
[Date "2012.??.??"]
[Round "8.5"]
[White "Loiseau, Quentin"]
[Black "Colin, Vincent"]
[Result "1-0"]
[WhiteElo "2300"]
[BlackElo "2393"]
[Annotator ",Jean-Luc"]
[PlyCount "93"]
[EventDate "2012.??.??"]

1. d4 Nf6 2. Nf3 e6 3. c4 Bb4+ 4. Bd2 Qe7 5. g3 Nc6 6. Nc3 O-O 7. Bg2 Na5 8. c5
Nc4 9. Qb3 Nxd2 10. Nxd2 Bxc3 11. Qxc3 d5 12. cxd6 cxd6 13. O-O d5 14. Rac1 b6
15. b3 Ba6 16. Bf3 Qa3 17. Nb1 Qd6 18. Qb2 {(=)} Ne4 19. Rc2 Rfc8 20. Rfc1 f5
21. Rxc8+ Rxc8 22. Rxc8+ Bxc8 23. Bxe4 fxe4 24. Qd2 Ba6 25. Nc3 h6 26. h4 Kh7
27. Kg2 Qc7 28. Qe3 Bc8 29. a4 Bd7 30. f3 exf3+ 31. exf3 a5 32. g4 Kg8 33. h5
Kf8 34. Ne2 Qd6 35. Nf4 Ke7 36. Ng6+ Kd8 37. Ne5 Be8 38. Kg3 Kc7 39. Qd3 Kb7
40. Qh7 Qe7 41. Qd3 Qc7 42. Qd2 Ka6 43. Kh3 b5 44. Nd3 Kb6 45. Qe2 bxa4 46. Nc5
Qf4 47. Qa6+ 1-0

[Event "15ème Open des Vins du Médoc"]
[Site "Naujac sur Mer ; France"]
[Date "2012.??.??"]
[Round "8.6"]
[White "Kramer, Julian"]
[Black "Collas, Silvia"]
[Result "0-1"]
[WhiteElo "2052"]
[BlackElo "2284"]
[PlyCount "44"]
[EventDate "2012.??.??"]

1. e4 c5 2. Nf3 e6 3. d4 cxd4 4. Nxd4 a6 5. Nc3 Nc6 6. Be3 Nf6 7. Qd2 Bb4 8. f3
d5 9. a3 Be7 10. O-O-O O-O 11. Qf2 e5 12. Nxc6 bxc6 13. Bc5 d4 14. Bxe7 Qxe7
15. Ne2 Rb8 16. Ng3 a5 17. f4 Ng4 18. Qf3 Ne3 19. Rd3 Qc5 20. Rd2 Rxb2 21. Kxb2
Qc3+ 22. Kb1 Bg4 0-1

[Event "15ème Open des Vins du Médoc"]
[Site "Naujac sur Mer ; France"]
[Date "2012.??.??"]
[Round "8.7"]
[White "Thalwitzer, David"]
[Black "Zickelbein, Eva Maria"]
[Result "1/2-1/2"]
[WhiteElo "2174"]
[BlackElo "2058"]
[Annotator ",Jean-Luc"]
[PlyCount "24"]
[EventDate "2012.??.??"]

1. e4 e5 2. Nf3 Nc6 3. Bb5 a6 4. Ba4 Nf6 5. Qe2 b5 6. Bb3 Bc5 7. c3 O-O 8. d3
d5 9. Bg5 dxe4 10. dxe4 h6 11. Bh4 Qd6 12. Bg3 Nh5 {(=)} 1/2-1/2

[Event "15ème Open des Vins du Médoc"]
[Site "Naujac sur Mer ; France"]
[Date "2012.??.??"]
[Round "8.8"]
[White "Velten, Paul"]
[Black "Devecchi, Jorge"]
[Result "1-0"]
[WhiteElo "2379"]
[BlackElo "1942"]
[PlyCount "49"]
[EventDate "2012.??.??"]

1. d4 Nf6 2. Nf3 g6 3. e3 Bg7 4. Be2 O-O 5. O-O d6 6. c4 c5 7. Nc3 Na6 8. b3
cxd4 9. exd4 Bf5 10. Bb2 Ne4 11. Nd5 Nc7 12. Ne3 Bd7 13. Qc2 f5 14. Bd3 Nf6 15.
Rfe1 Rc8 16. Rad1 Ncd5 17. Nxd5 Nxd5 18. Qd2 Nc7 19. a4 b6 20. c5 Be6 21. Qc2
Bd5 22. Bc4 Kh8 23. Bxd5 Nxd5 24. Ng5 Rf6 25. Qc4 1-0

[Event "15ème Open des Vins du Médoc"]
[Site "Naujac sur Mer ; France"]
[Date "2012.??.??"]
[Round "8.9"]
[White "Castro, John"]
[Black "Dierkes, Tobias"]
[Result "1-0"]
[WhiteElo "2193"]
[BlackElo "2107"]
[PlyCount "57"]
[EventDate "2012.??.??"]

1. e4 c5 2. Nf3 e6 3. d4 cxd4 4. Nxd4 Nf6 5. Nc3 d6 6. f4 Nbd7 7. Be3 a6 8. Qf3
Qc7 9. g4 Nc5 10. g5 Nfd7 11. a4 b6 12. Bh3 Bb7 13. O-O Be7 14. b4 Nb3 15. cxb3
Qxc3 16. Rac1 Qd3 17. Bg2 d5 18. Rfd1 Qxe4 19. Qf2 Qg6 20. Rc7 Rb8 21. f5 exf5
22. Nxf5 Bxb4 23. Rxd7 Kxd7 24. Bxd5 Bxd5 25. Rxd5+ Ke6 26. Qf3 f6 27. Qe4+ Kf7
28. Rd7+ Kg8 29. Qc4+ 1-0

[Event "15ème Open des Vins du Médoc"]
[Site "Naujac sur Mer ; France"]
[Date "2012.??.??"]
[Round "8.10"]
[White "L'Hospital, Philippe"]
[Black "Sanchez, Nicolas"]
[Result "1/2-1/2"]
[WhiteElo "1895"]
[BlackElo "2169"]
[Annotator ",Jean-Luc"]
[PlyCount "52"]
[EventDate "2012.??.??"]

1. d4 Nf6 2. Nf3 g6 3. Bg5 Bg7 4. Nbd2 d5 5. e3 O-O 6. Be2 Nbd7 7. b4 c6 8. a4
a5 9. c3 Qe8 10. O-O e5 11. Bxf6 Bxf6 12. Nb3 axb4 13. cxb4 Qe7 14. Nc5 exd4
15. exd4 b6 16. Nd3 Ba6 17. Qd2 Rfe8 18. Rfe1 Qd6 19. Bf1 Bb7 20. Rxe8+ Rxe8
21. a5 c5 22. a6 Bc6 23. Rb1 c4 24. b5 cxd3 25. bxc6 Qxc6 26. Bxd3 Rc8 {(=)}
1/2-1/2

[Event "15ème Open des Vins du Médoc"]
[Site "Naujac sur Mer ; France"]
[Date "2012.??.??"]
[Round "8.11"]
[White "Martin, Eric"]
[Black "Bouvet, Laurent"]
[Result "0-1"]
[WhiteElo "1873"]
[BlackElo "2155"]
[PlyCount "54"]
[EventDate "2012.??.??"]

1. e4 c5 2. Ne2 e6 3. g3 Nc6 4. Bg2 g6 5. c3 Bg7 6. d4 cxd4 7. cxd4 d6 8. O-O
Nge7 9. Nbc3 O-O 10. Be3 a6 11. Qd2 e5 12. d5 Na5 13. b3 b5 14. Rfc1 Bd7 15.
Rc2 f5 16. Bh6 Bxh6 17. Qxh6 b4 18. Nd1 fxe4 19. Ne3 Nb7 20. Bxe4 Nc5 21. Rxc5
dxc5 22. d6 Nf5 23. Nxf5 Bxf5 24. Bd5+ Kh8 25. Bxa8 Qxa8 26. Qe3 Qd5 27. Rc1
Bh3 0-1

[Event "15ème Open des Vins du Médoc"]
[Site "Naujac sur Mer ; France"]
[Date "????.??.??"]
[Round "9.1"]
[White "Demuth, Adrien"]
[Black "Loiseau, Quentin"]
[Result "1/2-1/2"]
[WhiteElo "2423"]
[BlackElo "2300"]
[Annotator ",Jean-Luc"]
[PlyCount "29"]

1. Nf3 Nf6 2. g3 g6 3. Bg2 Bg7 4. O-O O-O 5. c4 d6 6. Nc3 c6 7. d3 Nbd7 8. Rb1
a5 9. a3 e5 10. b4 axb4 11. axb4 Re8 12. Qc2 Nf8 13. b5 Ne6 14. bxc6 bxc6 15.
e3 {(=)} 1/2-1/2

[Event "15ème Open des Vins du Médoc"]
[Site "Naujac sur Mer ; France"]
[Date "????.??.??"]
[Round "9.2"]
[White "Marholev, Dimitar"]
[Black "Collas, Didier"]
[Result "1/2-1/2"]
[WhiteElo "2370"]
[BlackElo "2418"]
[Annotator ",Jean-Luc"]
[PlyCount "21"]

1. Nf3 c5 2. c4 Nf6 3. g3 d5 4. cxd5 Nxd5 5. Bg2 Nc6 6. d4 cxd4 7. Nxd4 Ndb4 8.
Nxc6 Qxd1+ 9. Kxd1 Nxc6 10. Nc3 Bd7 11. Be3 {(=)} 1/2-1/2

[Event "15ème Open des Vins du Médoc"]
[Site "Naujac sur Mer ; France"]
[Date "????.??.??"]
[Round "9.3"]
[White "Collas, Silvia"]
[Black "Fantinel, Thibault"]
[Result "1/2-1/2"]
[WhiteElo "2284"]
[BlackElo "2279"]
[Annotator ",Jean-Luc"]
[PlyCount "26"]

1. d4 Nf6 2. Nf3 e6 3. e3 c5 4. Bd3 Be7 5. O-O O-O 6. c4 cxd4 7. exd4 d6 8. Nc3
b6 9. Re1 Bb7 10. b3 Nbd7 11. Bb2 Rc8 12. b4 Re8 13. a3 a6 {(=)} 1/2-1/2

[Event "15ème Open des Vins du Médoc"]
[Site "Naujac sur Mer ; France"]
[Date "????.??.??"]
[Round "9.4"]
[White "Favarel, Antoine"]
[Black "Van Delft, Merijn"]
[Result "1-0"]
[WhiteElo "2254"]
[BlackElo "2408"]
[PlyCount "57"]

1. d4 d5 2. c4 c6 3. Nf3 Nf6 4. e3 Bg4 5. Qb3 Qb6 6. Nc3 e6 7. Nh4 Bh5 8. h3
Qxb3 9. axb3 Na6 10. Ra4 Nb4 11. g4 g5 12. gxh5 gxh4 13. c5 a5 14. Bd2 e5 15.
Nb1 b5 16. cxb6 exd4 17. b7 Rb8 18. Rxa5 dxe3 19. fxe3 Rxb7 20. Bc3 Ke7 21. Ba6
Rb6 22. Rf1 c5 23. Be2 d4 24. Ra7+ Ke6 25. Bxb4 cxb4 26. Bc4+ Ke5 27. Ra5+ Ke4
28. Nd2+ Kxe3 29. Rf3# 1-0

[Event "15ème Open des Vins du Médoc"]
[Site "Naujac sur Mer ; France"]
[Date "????.??.??"]
[Round "9.5"]
[White "Kaimer, Thomas"]
[Black "Kirk, Ezra"]
[Result "0-1"]
[WhiteElo "2202"]
[BlackElo "2225"]
[PlyCount "72"]

1. e4 c5 2. Nf3 Nc6 3. Nc3 g6 4. d4 cxd4 5. Nxd4 Bg7 6. Be3 Nf6 7. Bc4 Qa5 8.
O-O O-O 9. Nb3 Qc7 10. Bg5 d6 11. Bxf6 Bxf6 12. Nd5 Qd8 13. Nxf6+ exf6 14. c3
Qe7 15. Re1 Be6 16. Bd5 Rac8 17. Qd2 Kg7 18. Rad1 Rfd8 19. Qf4 Ne5 20. Qg3 Kh8
21. f4 Nc6 22. Rd3 Re8 23. Rde3 Qd8 24. Kh1 Rc7 25. Nd2 Kg7 26. Bxc6 bxc6 27.
f5 Bc8 28. c4 Rce7 29. Rf1 Re5 30. Ref3 g5 31. Rd3 h6 32. b3 d5 33. Rd1 Qa5 34.
cxd5 cxd5 35. a4 dxe4 36. Nc4 exd3 0-1

[Event "15ème Open des Vins du Médoc"]
[Site "Naujac sur Mer ; France"]
[Date "????.??.??"]
[Round "9.6"]
[White "Colin, Vincent"]
[Black "Bouvet, Laurent"]
[Result "1/2-1/2"]
[WhiteElo "2393"]
[BlackElo "2155"]
[PlyCount "52"]

1. d4 Nf6 2. c4 e5 3. dxe5 Ng4 4. e3 Nxe5 5. Nh3 Nbc6 6. Be2 Bb4+ 7. Bd2 d6 8.
Nf4 Bxd2+ 9. Qxd2 Bf5 10. O-O Qg5 11. f3 O-O-O 12. Nd5 Qh4 13. e4 Be6 14. Nbc3
g5 15. b4 Kb8 16. Nb5 Rhg8 17. Nbxc7 g4 18. fxg4 Bxg4 19. Bxg4 Rxg4 20. Rac1
Rdg8 21. Ne3 Kxc7 22. b5 Qg5 23. Kh1 Rxe4 24. Nd5+ Kc8 25. Qxg5 Rxg5 26. bxc6
bxc6 1/2-1/2

[Event "15ème Open des Vins du Médoc"]
[Site "Naujac sur Mer ; France"]
[Date "????.??.??"]
[Round "9.7"]
[White "Resnjanskij, Denis"]
[Black "Velten, Paul"]
[Result "0-1"]
[WhiteElo "2134"]
[BlackElo "2379"]
[PlyCount "74"]

1. d4 d5 2. Nf3 Nf6 3. g3 Bf5 4. Bg2 e6 5. O-O Nbd7 6. c4 c6 7. Nc3 dxc4 8. Bf4
h6 9. Nd2 Nb6 10. e4 Bg4 11. Qc1 Qxd4 12. h3 Bh5 13. g4 Bg6 14. Nf3 Qc5 15. Rd1
Nxe4 16. Be3 Qa5 17. Bd4 Rd8 18. Re1 Nc5 19. Qe3 Nd3 20. Re2 Bd6 21. Bxg7 Bf4
22. Bxh8 Bxe3 23. Rxe3 Nd5 24. b4 Qxb4 25. Rb1 Qf8 26. Nxd5 Qxh8 27. Nb4 Nxf2
28. Rbe1 Nd3 29. Nxd3 Rxd3 30. Re5 Qf6 31. g5 hxg5 32. Nxg5 Rd2 33. Nf3 Rxa2
34. Rg5 c3 35. h4 c2 36. h5 Ra1 37. hxg6 Rxe1+ 0-1

[Event "15ème Open des Vins du Médoc"]
[Site "Naujac sur Mer ; France"]
[Date "????.??.??"]
[Round "9.8"]
[White "Zickelbein, Eva Maria"]
[Black "Castro, John"]
[Result "0-1"]
[WhiteElo "2058"]
[BlackElo "2193"]
[PlyCount "48"]

1. e4 c5 2. Nc3 a6 3. Nf3 Nc6 4. g3 g6 5. Bg2 Bg7 6. d3 d6 7. Ne2 Nf6 8. c3 O-O
9. O-O Bd7 10. Bg5 Rc8 11. Qd2 Qb6 12. Rab1 Rfd8 13. h3 Ne5 14. Ne1 Bc6 15. f4
c4+ 16. d4 Nxe4 17. Qe3 Nxg5 18. fxe5 Bxg2 19. Nxg2 Ne6 20. Qf3 dxe5 21. Qxf7+
Kh8 22. Qxe7 exd4 23. cxd4 Re8 24. Qh4 Nxd4 0-1

[Event "15ème Open des Vins du Médoc"]
[Site "Naujac sur Mer ; France"]
[Date "????.??.??"]
[Round "9.10"]
[White "Sanchez, Nicolas"]
[Black "Larand, Manuel"]
[Result "*"]
[WhiteElo "2169"]
[BlackElo "2037"]
[Annotator ",Jean-Luc"]
[PlyCount "69"]

1. d4 Nf6 2. Nf3 c5 3. d5 b5 4. c4 b4 5. Nbd2 g6 6. e4 Bg7 7. h3 O-O 8. Bd3 d6
9. O-O a5 10. a4 bxa3 11. Rxa3 Ne8 12. Re1 Nd7 13. b3 Bc3 14. Qc2 Bb4 15. Ra1
Ne5 16. Be2 Bd7 17. Nxe5 dxe5 18. Bb2 f6 19. Bg4 Nd6 20. Bxd7 Qxd7 21. Ra4 Bxd2
22. Qxd2 Rfb8 23. Ra3 a4 24. f4 Rxb3 25. Rxb3 axb3 26. Qc3 Ra4 27. fxe5 Rxc4
28. Qxb3 Rb4 29. Qa3 Nc4 30. Qa8+ Kg7 31. exf6+ exf6 32. Bc3 Rb3 33. Qa1 Qd6
34. Rf1 Rb6 35. Rxf6 {1-0} *

[Event "15ème Open des Vins du Médoc"]
[Site "Naujac sur Mer ; France"]
[Date "????.??.??"]
[Round "9.11"]
[White "Maruejols, Claude"]
[Black "Capitaine, Adrien"]
[Result "0-1"]
[WhiteElo "1909"]
[BlackElo "2106"]
[PlyCount "96"]

1. d4 f5 2. g3 Nf6 3. Bg2 e6 4. Nf3 Be7 5. O-O O-O 6. c4 Qe8 7. d5 Bc5 8. Bf4
d6 9. dxe6 Qxe6 10. Qc2 Nc6 11. a3 Nh5 12. e3 Nxf4 13. gxf4 Qg6 14. Kh1 a5 15.
Rg1 Qh5 16. Nbd2 Bd7 17. Ng5 Rae8 18. Bf3 Qh4 19. Bd5+ Kh8 20. Rg3 h6 21. Ndf3
Qh5 22. Rh3 Qg6 23. Rg1 Qf6 24. e4 fxe4 25. Rh4 Bf5 26. Bxe4 Bxf2 27. Bxf5 Bxh4
28. Nxh4 Nd4 29. Qg2 Nxf5 30. Nxf5 Qxf5 31. Ne6 Re7 32. Nxf8 Qxf8 33. Rf1 b6
34. b4 axb4 35. axb4 Qf5 36. b5 Qd3 37. Ra1 Qxc4 38. Qg6 Qe4+ 39. Qxe4 Rxe4 40.
Rc1 Re7 41. Kg2 Kh7 42. Kf3 Kg6 43. Rd1 Kf5 44. h4 Rd7 45. Rd5+ Ke6 46. Ke4 Rf7
47. f5+ Kf6 48. Kf4 Re7 0-1

[Event "15ème Open des Vins du Médoc"]
[Site "Naujac sur Mer ; France"]
[Date "????.??.??"]
[Round "9.12"]
[White "Ferrandi, Bernard"]
[Black "Kramer, Julian"]
[Result "0-1"]
[WhiteElo "1817"]
[BlackElo "2052"]
[Annotator ",Jean-Luc"]
[PlyCount "86"]

1. e4 c5 2. Nc3 a6 3. g3 b5 4. a3 Bb7 5. d3 e6 6. f4 d5 7. Bg2 d4 8. Nb1 Nf6 9.
Nf3 Be7 10. b3 O-O 11. O-O Nbd7 12. Bb2 Ng4 13. Bc1 f5 14. e5 Nb6 15. h3 Nh6
16. Kh2 Nf7 17. c4 Qd7 18. Qe2 {(=)} Kh8 19. Rg1 g6 20. Nbd2 Rg8 21. Nf1 g5 22.
g4 fxg4 23. hxg4 gxf4 24. Bh3 Bxf3 25. Qxf3 Nxe5 26. Qe4 Bd6 27. Bxf4 Nxd3 28.
Qxd3 Bxf4+ 29. Kh1 e5 30. Ng3 bxc4 31. bxc4 Bxg3 32. Rxg3 Qe6 33. Rc1 e4 34.
Qe2 Rad8 35. g5 Qe5 36. Rg4 e3 37. Qd3 Rxg5 38. Rcg1 Rh5 39. R4g3 e2 40. Qb1
Nxc4 41. Qb3 Qd5+ 42. Kh2 Rf8 43. Qd3 Rf2+ 0-1